PHARMACOLOGY PREP MANUAL FOR UNDERGRADUATES (Record no. 8218)

MARC details
000 -LEADER
fixed length control field 00360nam a22001577a 4500
003 - CONTROL NUMBER IDENTIFIER
control field SGT
020 ## - INTERNATIONAL STANDARD BOOK NUMBER
International Standard Book Number 978-81-312-2812-8
082 ## - DEWEY DECIMAL CLASSIFICATION NUMBER
Classification number 615
Item number P14S
100 ## - MAIN ENTRY--PERSONAL NAME
Personal name SHANBHAG, TARA V.
245 ## - TITLE STATEMENT
Title PHARMACOLOGY PREP MANUAL FOR UNDERGRADUATES
250 ## - EDITION STATEMENT
Edition statement 2ND
260 ## - PUBLICATION, DISTRIBUTION, ETC. (IMPRINT)
Place of publication, distribution, etc DELHI
Name of publisher, distributor, etc ELSEVIER
Year of Publication 2014
300 ## - PAGE DESCRIPTION
No. of Pages 524
650 ## - SUBJECT ADDED ENTRY--TOPICAL TERM
Topical term or geographic name as entry element PHARMACOLOGY
942 ## - ADDED ENTRY ELEMENTS (KOHA)
Source of classification or shelving scheme Dewey Decimal Classification
Koha item type Books
942 ## - ADDED ENTRY ELEMENTS (KOHA)
-- 5
Holdings
Withdrawn status Lost status Source of classification or shelving scheme Damaged status Use restrictions Not for loan Collection code Home library Current library Shelving location Date acquired Vendor Name Cost, normal purchase price SGTU Bill Number Total Checkouts Full call number Accession No. (Barcode) Date last seen Date last borrowed Bill Date Koha item type
    Dewey Decimal Classification   Restricted Access   PHARMACY SGT FA-FP Library SGT FA-FP Library Reference Book 09/01/2016 AHUJA BOOK COMPANY 775.00 SGTU 5118 7 615 P14S FP1684 20/12/2024 20/12/2024 02/12/2014 Books
    Dewey Decimal Classification       PHARMACY SGT FA-FP Library SGT FA-FP Library Text Book 09/01/2016 AHUJA BOOK COMPANY 775.00 SGTU 5118 42 615 P14S FP1685 24/03/2026 24/03/2026 02/12/2014 Books